000 02325nam0a2200421 4500
001 RU\NLR\BIBL_A\022670247
005 20260420060405.0
010 _a978-5-907465-69-5
_91000
021 _aRU
_bКН-П-25-061219
_9КН-П-25-5908
035 _a(NLR Aleph) 022670247
090 _a13686210
_c13686210
100 _a20251120d2025 u y0rusy50 ca
101 0 _arus
102 _aRU
105 _aa z 000ay
181 0 _ai3
_baxxe
182 0 _an
200 1 _aРоссия. Образ будущего
_eсборник фантастических рассказов
_f[сост.: А. Кофман, С. Чекмаев]
_gответственный редактор: А. Сидорович
_gиллюстрация: А. Дербенева
203 _aТекст
_bвизуальный
_cнепосредственный
210 _aСанкт-Петербург, Донецк
_cСидорович
_cОлексеенко А. А.
_d2025
215 _a348, [2] с.
_cил.
_d21
225 1 _aДонецкая библиотека приключений и фантастики
225 1 _aЗвезды над Донбассом
327 0 _aСодерж.: Эти странные люди / Владимир Софиенко. Цена памяти / Ольга Вешнева. Солдат и Умка (Один день из жизни золоторя) / Михаил Савеличев. Дед Серьга и глухой / Андрей Белянин. Перепрошивка / Дмитрий Лазарев. Детские мечты / Роман Злотников. Практикант / Олег Дивов. Гусь на Луне / Фалена Лысакова. Она тикает / Павел Иевлев [и др.]
333 _a12+
517 1 _aОбраз будущего
607 _aРоссия
_xв художественной литературе
_91533108
_3RU\NLR\AUTH\66969102
686 2 _aШ6(2=Р)8-445
686 2 _aШ6(2=Р)8-94
702 1 _aКофман
_bА.
_gАлександр
_4220
702 1 _aСидорович
_bА.
_4340
702 1 _aДербенева
_bА.
_4440
942 _cBOOK
980 _aNB